| 000 | 00608nam a2200193Ia 4500 | ||
|---|---|---|---|
| 008 | 140626s9999 xx 000 0 und d | ||
| 100 | _aMarquard, Jenna. | ||
| 245 |
_aNurses' behaviors and visual scanning patterns may reduce patient identification errors / _cJenna Marquard ... [et al.]. |
||
| 260 | _cc2011. | ||
| 300 | _a17 : 3, page 247 | ||
| 440 | _aJournal of Experimental Psycholgy : Applied | ||
| 521 | _aPSYCH | ||
| 650 | _aEye tracking. | ||
| 650 | _aMedication administration. | ||
| 650 | _aMedication error. | ||
| 650 | _aNursing. | ||
| 650 | _aPatient identification. | ||
| 942 | _cSE | ||
| 999 |
_c121320 _d121320 |
||